Science of Hindu-Muslim Politics (Record no. 5565)

MARC details
000 -LEADER
fixed length control field 00688nam a2200253 a 4500
020 ## - INTERNATIONAL STANDARD BOOK NUMBER
ISBN
082 00 - DEWEY DECIMAL CLASSIFICATION NUMBER
Classification number 305.6945097
Author Cutter AGA
100 ## - MAIN ENTRY--AUTHOR NAME
Author name Agarwala, Ratish Mohan
245 ## - TITLE STATEMENT
Title Science of Hindu-Muslim Politics
260 ## - PUBLICATION, DISTRIBUTION, ETC. (IMPRINT)
Place of publication Lucknow
Name of publisher International Social Lit.Pub.Co
Year of publication 1945
300 ## - PHYSICAL DESCRIPTION
Number of Pages 88p
500 ## - GENERAL NOTE
General note includes index and biblioraphy
505 2# - FORMATTED CONTENTS NOTE
Formatted contents note Question and Assignments
650 ## - SUBJECT ADDED ENTRY--TOPICAL TERM
Topical Term Islam-Relations Hinduism
650 ## - SUBJECT ADDED ENTRY--TOPICAL TERM
Topical Term Interfaith Dialogue-Hindu Muslim
942 ## - ADDED ENTRY ELEMENTS (KOHA)
Koha item type Books
700 1# -
-- Agarwala, Ratish Mohan
Holdings
Collection code Home library Current library Date acquired Cost, normal purchase price Full call number Accession Number Koha item type
  Henry Martyn Institute Library Henry Martyn Institute Library 03/29/2007 100.00 305.6945097 AGA 07002 Books
                   Copyright © 2026 | Henry Martyn Institute | Hyderabad | TS-500052 | INDIA | Implemented by hmi.edu.in
Hit-Count:

Powered by Koha